00627cas a22002177ar450000500170000000800410001701000100005801100100006802200140007803500100009224500230010226000710012530000070019631000150020336200200021865000440023878000560028286600220033886600270036086600220038720220329142047.0990517d1919 gw qr pernn 0 a0b0ger d a77801 a787730 a0066-1759 a8884000aAngewandte Botanik0 aBerlin, Germany :bVereinigung for Angewandte Botanik E.V.,c1919- av. aTrimestral1 av.39 n.4, 1965.14aBotánicaxPublicaciones periódicas. tJahhesbericht der Vereinigung fur Agewandte Botanik av.37 n.1-4 (1963) av.38 n.1-6 (1964-1965) av.39 n.1-4 (1965)